La política del derecho
Uloženo v:
| Hlavní autor: | |
|---|---|
| Médium: | Kniha |
| Jazyk: | španělština |
| Vydáno: |
Barcelona
Bosch
1963
|
| Témata: | |
| Tagy: |
Přidat tag
Žádné tagy, Buďte první, kdo vytvoří štítek k tomuto záznamu!
|
MARC
| LEADER | 00000nam a2200000 a 4500 | ||
|---|---|---|---|
| 001 | UCS9704 | ||
| 003 | CL-VaPUC | ||
| 008 | 971121e19630000SP |||||||||||||||||spa|d | ||
| 082 | 0 | 4 | |a 340.1 |b MAR |2 21 |
| 100 | |a Marín Pérez, Pascual |e autor |9 394983 | ||
| 245 | 1 | 3 | |a La política del derecho |
| 300 | |a 200 p | ||
| 942 | |c BK | ||
| 945 | |d 19971121 00:00:00 |a cmena | ||
| 260 | |a Barcelona |b Bosch |c 1963 | ||
| 650 | 0 | |a Filosofía del derecho |9 255050 | |
| 650 | 0 | |a Derecho y política |9 257017 | |
| 650 | 0 | |a Derecho natural |9 255041 | |
| 650 | 0 | |a Escuelas filosóficas |9 266232 | |
| 650 | 0 | |a Derecho español |9 255291 | |
| 650 | 0 | |a Interpretación de la ley |9 257376 | |
| 650 | 0 | |a Aplicación de la ley |9 338319 | |
| 650 | 0 | |a Normas jurídicas |9 258310 | |
| 583 | |a last modification |c 19971121 00:00:00 |k Rodrigo Vera | ||
| 999 | |c 263465 |d 263463 | ||
| 952 | |0 0 |1 0 |4 0 |6 340_100000000000000_MAR_1963 |7 0 |8 DER_TF |9 292789 |a BIBDER |b BIBDER |d 2019-11-19 |i 1904876 |o 340.1 MAR 1963 |p 1904876 |r 2023-01-25 |w 2019-11-19 |x Ubicación 4to Piso |y BK |z Estos recursos deben solicitarse con anticipación |k DER | ||